01473nam a2200361 a 4500001001200000003000800012006001900020007001500039008004100054010001700095015001400112020001800126020001800144040002100162035002100183043001200204050002300216082001100239100003800250245010700288260005800395300001500453500002200468504009000490533015200580610007600732650006600808650004800874655002900922710001700951856012600968999001701094ebr10231310CaPaEBRm u cr cn|||||||||720316s1961 mnu sb 001 0 eng d z 61007726  aGB61-9259 z9780816602261 z9780816663804 aCaPaEBRcCaPaEBR a(OCoLC)233573644 an-us---14aKF4942b.N4 1961eb04a328.371 aNelson, Harold L.q(Harold Lewis)10aLibel in news of congressional investigating committeesh[electronic resource] /cby Harold L. Nelson. aMinneapolis :bUniversity of Minnesota Press,c[1961] avi, 174 p. aIncludes indexes. aBibliographical references included in "Notes" (p. 146-164) Bibliography: p. 165-167. aElectronic reproduction.bPalo Alto, Calif. :cebrary,d2013.nAvailable via World Wide Web.nAccess may be limited to ebrary affiliated libraries.10aUnited States.bCongress.bHouse.bCommittee on Un-American Activities. 0aPrivileged communications (Libel and slander)zUnited States. 0aGovernmental investigationszUnited States. 7aElectronic books.2local2 aebrary, Inc.40uhttp://site.ebrary.com/lib/rucke/Doc?id=10231310zAn electronic book accessible through the World Wide Web; click to view c39693d39693